000 00634nam a2200205Ia 4500
005 20221215151743.0
008 131103s9999 xx 000 0 und d
020 _a811202399
_c3.75
040 _aLoreto College
041 _aEnglish
082 _a811.52
_bWIL-ROS
100 _aRosenthal,M.L.,ed.
245 4 _aThe William Carlos Williams Reader
_cedited with an introduction by M.L.Rosenthal
260 _aNew York
_bA New Directions Book
_c1920 (1966 printing)
300 _axxxvi,412 p.
504 _aIncludes bibliographical references
650 _aWilliams,William Carlos,1883 - 1963
850 _aLCLIB
942 _cBK
999 _c11688
_d62167